Ecotourism (Record no. 14629)

MARC details
000 -LEADER
fixed length control field 00434nam a2200169Ia 4500
008 - FIXED-LENGTH DATA ELEMENTS--GENERAL INFORMATION
fixed length control field 230917s9999||||xx |||||||||||||| ||und||
020 ## - ISBN
Price GBP32.99
040 ## - CATALOGING SOURCE
-- 224732
Original cataloging agency VIVEKANANDA LIBRARY
041 ## - Language
-- English
082 ## - DDC NUMBER
Classification number 338.4791 F36E(4)
100 ## - MAIN ENTRY--PERSONAL NAME
Personal name Fennell, David A
245 #0 - TITLE STATEMENT
Title Ecotourism
260 ## - PUBLICATION, DISTRIBUTION, ETC. (IMPRINT)
Place of publication, distribution, etc London
Name of publisher, distributor, etc Routledge
Date of publication, distribution, etc 2015
300 ## - PHYSICAL DESCRIPTION
Pages xviii, 336 p.
500 ## - GENERAL NOTE
General note 1959 06/02/2015 APD1012674 09/02/2015 Main Budget
942 ## - ADDED ENTRY ELEMENTS (KOHA)
Koha item type Books
Holdings
Withdrawn status Lost status Damaged status Not for loan Location (home branch) Sublocation or collection (holding branch) Shelving location Date acquired Koha issues (times borrowed) Koha full call number Accession No. Koha date last seen Koha item type
        VIVEKANANDA LIBRARY VIVEKANANDA LIBRARY IHTM Library 19/02/2015   338.4791 F36E(4) 337684 17/09/2023 Books
© Designed and Maintained by Vivekananda Library, MDU Rohtak